000 00572nam a2200229Ia 4500
008 171120s9999 xx 000 0 und d
020 _a9710868586
050 _a808.51
050 _bM385 2008
100 _aMartinez, Norma D.
245 _aResponsible speech communication /
245 _cby Norma D. Martinez.
260 _aPhilippines :
260 _bNational Book Store,
260 _c2008
300 _a200 pages :
300 _billustrations ;
300 _c21cm.
650 _aOral communication.
650 _aPublic speaking.
700 _aTitle.
999 _c345285
_d345285